000 00692nam a2200181 i 4500
001 68885
003 ES-MaACL
005 20250901213714.0
007 t|
008 040721s1904 sp ||||1| spa d
245 0 0 _aMemoria de los trabajos realizados por la Cámara Oficial de Comercio Industria y Navegación de Sevilla durante el año 1903.
260 _aSevilla :
_b[s.n.],
_c1904 (
_fTipografía de Gironés)
300 _a70 p. ;
_c21 cm.
610 2 4 _aCámara Oficial de Comercio, Industria y Navegación de Sevilla-
_vMemorias.
_9151808
710 2 _aCámara Oficial de Comercio, Industria y Navegación de Sevilla
_92400
852 _aES-MaACL
_jT-1038-F-4
999 _c68885
_d68885